Normal view
MARC view
Entry Personal Name
001 - CONTROL NUMBER
- control field: 16008
003 - CONTROL NUMBER IDENTIFIER
- control field: OSt
005 - DATE AND TIME OF LATEST TRANSACTION
- control field: 20151021100802.0
008 - FIXED-LENGTH DATA ELEMENTS
- fixed length control field: 151021|| aca||aabn | a|a d
040 ## - CATALOGING SOURCE
- Original cataloging agency: OSt
- Transcribing agency: OSt
100 ## - HEADING--PERSONAL NAME
- Personal name: Ballve, Teo
670 ## - SOURCE DATA FOUND
- Source citation: Work cat.: (OSt)13556: Ballve, Teo, Dispatches From Latin America, 2006









